Prc̀tica Forense Procesal Civil Escritos de Mera Tramitacin̤ y Recursos Procesales / Tomo II

Detalles Bibliográficos
Autor principal: Chv̀ez Chv̀ez, Eric Andrš
Formato: eBook
Lenguaje:español
Materias:
Acceso en línea:Acceso restringido

MARC

LEADER 00000nam a22000007a 4500
005 20210426221556.0
007 cr|||| ||||
008 210426s2021 cl |||||s|||| 00||0 spa d
035 |a 33159 
040 |a vLex 
090 |c 11527  |d 11527 
100 1 |a Chv̀ez Chv̀ez, Eric Andrš 
245 1 0 |a Prc̀tica Forense Procesal Civil  |h [Recurso electrn̤ico] :  |b Escritos de Mera Tramitacin̤ y Recursos Procesales /  |c Eric Andrš Chv̀ez Chv̀ez  |n Tomo II 
256 |a Servicio en ln̕ea 
300 |a 1 recurso electrn̤ico 
506 1 |a Disponible solo en los productos indicados  |d vLex Global  |d vLex Global (Academic Edition, excluding Law Schools)  |d vLex Global (U.S. Academic Edition, Law Schools)  |d vLex Global (U.S. Academic Edition, excluding Law Schools)  |d vLex Global (Academic Edition, Law Schools) 
650 0 4 |a Ciencias sociales  |z Chile 
740 0 |a vLex Libros (Servicio en ln̕ea) 
856 4 0 |u https://vlex.com/source/practica-forense-procesal-civil-tomo-ii-escritos-mera-tramitacion-recursos-procesales-33159  |z Acceso restringido 
942 |c BOOK 
999 0 |a Social Sciences